000
00326nam a2200121Ia 4500
008
220204s9999 xx 000 0 und d
082
_a
581.2
_b
ANN.16
245
0
_a
Annual review of phytopathology. V 16.
260
_a
California
_b
Annual Reviews Inc
_c
1978
650
_a
Phytopathology
650
_a
Tree pathogen
942
_c
BK
999
_c
25785
_d
25785